MDQL
is popping MORE tags! Check the
thread
!
Quizzes
Events
Quiz Creation
Community
Videos
Private Events
Remove Ads
Sign In
Join for FREE
Feedback
Dark Mode
Quiz Categories
Sports
Geography
Music
Movies
Television
Just For Fun
Miscellaneous
History
Literature
Language
Science
Gaming
Entertainment
Religion
Holiday
For Kids
Quiz Lab
Recent
Popular Today
Quiz Kudos Today
Editor Picks
Curator Picks
Quizzes by...
Day
Popularity
Type
Ratings
Length
Year
Community
Subscriptions
Recent Discussions
Orange Saloon
Badges
Playlists
Quests
Create
Leaderboards
Showdown
Live 5
Trivia Bingo
Activity
Puzzle Library
Sporcle Events
Private Events
Virtual Trivia
Globe League
Become a Host
Pub Owners
SporcleCon
Opinionation
Our Games
Videos
Blog
Mobile Apps
Partnerships
Remove Ads and Go Orange
Feedback
Religion
Mythology
Religious Music
World Religions
Bible
Christianity
Catholicism
Judaism
Church
Scripture
Islam
Verse
Religion
Mythology
Religious Music
World Religions
Bible
Christianity
Catholicism
Judaism
Church
Scripture
Islam
Verse
Random Quiz
Search Sporcle
×
Quiz Lab
Quiz Lab
Religion
Church
Type in answers that appear in a list
Type in answers that appear in a list
Classic
Best Score? Go Orange.
Latter-day Prophets Stats
Can you name the Latter-day Prophets (Church of Jesus Christ of Latter-day Saints)?
By
byujordan
2m
16 Questions
111 Plays
111 Plays
111 Plays
Comments
Comments
Give Quiz Kudos
Give Quiz Kudos
-
- Ratings
hide this ad
Replay
Link that replays current quiz
Next Quiz
Link to next quiz in quiz playlist
You Got
0%
They Got
Avg Score
70%
Avg Friend Score
Upgrade to see
Score Distribution
Jump to the score distribution portion of the page
Score
0/16
Timer
02:00
0
Plays Today
Prophet
% Correct
Joseph Smith
96.4%
Brigham Young
95.5%
Joseph F. Smith
80.9%
John Taylor
76.4%
Lorenzo Snow
73.6%
Joseph Fielding Smith
73.6%
Wilford Woodruff
70%
Spencer W. Kimball
70%
Prophet
% Correct
David O. McKay
67.3%
Ezra Taft Benson
64.5%
Thomas S. Monson
64.5%
Heber J. Grant
62.7%
George Albert Smith
61.8%
Howard W. Hunter
60.9%
Gordon B. Hinckley
59.1%
Harold B. Lee
57.3%
Quiz Playlist
Details
Report
Send in Message
Add To Playlist
Classic:
Type in answers that appear in a list
Quiz Source
Last Updated: Feb 16, 2017
Quiz Scoreboard
CHALLENGE
Sign Up to Join the Scoreboard
Show All
Scores
Hide
Comments
May contain spoilers
Recently Published
Two Season TV Shows II
by 123Four
Television
10m
Image Sorting: Flags VI
by Barbecue
Geography
2m
Find the 'City' Movie
by crazypaving
Movies
60s
More to Explore
Quiz From the Vault
Featured Blog Post
14 Easter Pick-up Lines to Find Eggs With
hide this ad
You Might Also Like...
Tags
Church Quiz
Jesus
Jesus Christ
Latter-day
Latter-day Prophets
Latter-day Saints
prophet
saint
Today's Top Quizzes in Religion
Browse Religion
hide this ad
Today's Top Quizzes in Church
Browse Church
Top Contributed Quizzes in Religion
1
Christmas Pick: Judaism
2
Mini Trivia Sudoku: Mythology
3
99 names of Allah
4
Religions Spelling Bee
5
Artistic Maundy Thursday
6
Christmas Pick: World Religions
7
Christmas Pick: Islam
8
5-to-1: Children of Gods
9
5-to-1: European Churches
10
Longevity in the Bible
Explore More
Trending Topics
Crossword
NBA
Disney
Harry Potter
Marvel
Kpop
Anime
Puzzle
NFL
Country
The Office
Song
Pokémon
WWE
Soccer
hide this ad
More By:
byujordan
Quiz
Plays
Rating
Category
Featured
Created
LDS Temples of the World
143
Religion
Jul 22, 2010
Latter-day Prophets
111
3.67
Religion
Jul 22, 2010
Go to Creator's Profile
Score Distribution
Quiz Creator Spotlight
byujordan
Follow
Send a Message
Quizzes Created
-
Created Quiz Play Count
-
More By This Creator
Popular Quizzes Today
1
Find the US States - No Outlines Minefield
2
Colored Red Africa Blitz
3
Find the 'City' Movie
4
5x2 Blitz: Bands
5
The Countries of the World
6
Find the Countries of Europe - No Outlines Minefield
7
Find the US States
8
US States
More Religion Quizzes
Old Testament Book by First Verse
Published
Trending Quizzes
Colored Red Europe Blitz I
Colored Red Africa Blitz II
Colored Red Europe Blitz II
Colored Red Africa Blitz III
Even More Two Season TV Shows
Recently Updated
March Madness Men's Triple Doubles
pecheneg
How Do You Spell That?
pecheneg
Godzilla Movies
pecheneg
Grab Bag: 4-10 Letters
pecheneg
2024 March Madness Bracket
pecheneg
Famous TV Couples
Peacemaker
Champions League XIs: Real Madrid
pecheneg
Largest US Cities 1790-2010
pecheneg
Rides in Walt Disney World
pecheneg
Most Oscar Losses (Acting)
pecheneg
Trending Topics
Kpop
Anime
Crossword
Marvel
NBA
Disney
Harry Potter
Puzzle
Song
The Office
WWE
NFL
Pokémon
Soccer
Country
Your Account Isn't Verified!
In order to create a playlist on Sporcle, you need to verify the email address you used during registration. Go to your
Sporcle Settings
to finish the process.
Report this User
Report this user for behavior that violates our
Community Guidelines
.
Details:
Send Report
Go to the Sporcle.com Mobile Site →
Comments